00415nam a2200157Ia 4500001000500000005001700005008004100022041000800063082001500071100010600086245002700192260000900219300001300228650000800241654000800249782820260306160524.0260306t1999||||xx |||||||||||||| ||spa|| aESP a362.5bF75 aForo Diálogo sobre Experiencias y Retos en la Lucha contra la Pobreza (1º. 1998. Ica, Perú)eAUT 0aAnálisis y plenarias c1999 ac30 cm. aGEN aCAN